Cinéma - Films de De Niro -Trouvez d'après le casting - Statistiques

Statistiques générales
  • Ce quiz a été pris 221 fois
  • Le résultat moyen est 7 sur 20
Statistiques - réponses
Hint Réponse % Correct
1990 Robert De Niro + Ray Liotta Joe Pesci Les affranchis
86%
1995 Robert De Niro + Al Pacino Val Kilmer Jon Voight Natalie Portman Heat
81%
1976 Robert De Niro + Jodie Foster Harvey Keitel Taxi driver
74%
2019 Robert De Niro + Joaquin Phoenix Joker
71%
1995 Robert De Niro + Joe Pesci Sharon Stone Casino
69%
1987 Robert De Niro + Kevin Costner Sean Connery Andy García Les incorruptibles
46%
2000 Robert De Niro + Ben Stiller Owen Wilson Mon beau-père et moi
44%
1978 Robert De Niro + Meryl Streep Christopher Walken Voyage au bout de l'enfer
37%
1992 Robert De Niro + Samuel L. Jackson Michael Keaton Jackie Brown
31%
1991 Robert De Niro + Nick Nolte Jessica Lange Juliette Lewis Robert Mitchum Les Nerfs à vif
26%
1998 Robert De Niro + Jean Reno Natascha McElhone Stellan Skarsgård Sean Bean Ronin
25%
1997 Robert De Niro + Sylvester Stallone Harvey Keitel Ray Liotta Robert Patrick Copland
23%
1996 Brad Pitt Kevin Bacon Dustin Hoffman Sleepers
23%
1987 Robert De Niro + Mickey Rourke Angel heart
17%
1986 Robert De Niro + Jeremy Irons Liam Neeson Mission
17%
2001 Robert De Niro + Edward Norton Marlon Brando The score
16%
1991 Robert De Niro + Kurt Russell William Baldwin Jennifer Jason Leigh Donald Sutherland Backdraft
9%
1996 Robert De Niro + Wesley Snipes Le fan
9%
2013 Robert De Niro + Michael Douglas Morgan Freeman Kevin Kline Last Vegas
7%
1993 Robert De Niro + Uma Thurman Bill Murray Mad dog and glory
4%
Aucun quiz correspondant
Distribution des résultats
% des personnes avec chaque résultat
Percentile par nombre de réponses
Votre historique - résultats
Vous n’avez pas pris ce quiz